[Event "Portugal Open 2020"]
[Site "Lisboa POR"]
[Date "2020.01.31"]
[Round "8.19"]
[White "Borges, Guilherme Deola"]
[Black "Alshameary Puente, Ismael"]
[Result "0-1"]
[WhiteElo "2134"]
[BlackElo "2385"]
[WhiteFideId "2109085"]
[BlackFideId "2225166"]
[BlackTitle "IM"]
[WhiteCountry "BRA"]
[BlackCountry "ESP"]
[PlyCount "62"]
[EventDate "2020.??.??"]

1. d4 Nf6 2. c4 c5 3. d5 b5 4. Qc2 bxc4 5. e4 d6 6. Bxc4 g6 7. Nf3 Bg7 8. h3 O-O
9. O-O Nbd7 10. Re1 Nb6 11. Bf1 Ne8 12. Nc3 Nc7 13. Bf4 a5 14. Rad1 a4 15. e5
Bf5 16. Qc1 Re8 17. Bh6 Bc8 18. Bxg7 Kxg7 19. Re4 h6 20. e6 fxe6 21. Rg4 exd5
22. Rxg6+ Kxg6 23. Nh4+ Kg7 24. Qc2 Rg8 25. Qg6+ Kf8 26. Qxh6+ Ke8 27. Nxd5
Nbxd5 28. Rxd5 Ba6 29. Qh7 Kd7 30. Rxd6+ Kxd6 31. Nf5+ Kd7 0-1

[Event "Portugal Open 2020"]
[Site "Lisboa POR"]
[Date "2020.01.31"]
[Round "8.20"]
[White "Bashirli, Nail"]
[Black "Silich, Yahor"]
[Result "1-0"]
[WhiteElo "2379"]
[BlackElo "2158"]
[WhiteFideId "13406809"]
[BlackFideId "13513656"]
[WhiteTitle "IM"]
[BlackTitle "FM"]
[WhiteCountry "AZE"]
[BlackCountry "BLR"]
[PlyCount "91"]
[EventDate "2020.??.??"]

1. e4 c5 2. Nf3 Nc6 3. d4 cxd4 4. Nxd4 g6 5. c4 Bg7 6. Be3 Nf6 7. Nc3 O-O 8. Be2
d6 9. O-O Bd7 10. Qd2 Nxd4 11. Bxd4 Bc6 12. f3 a5 13. Rfc1 Nd7 14. Be3 Nc5 15.
b3 e6 16. Rc2 Be5 17. Bf1 Qh4 18. g3 Qe7 19. Re1 b6 20. Bg2 f5 21. exf5 gxf5 22.
f4 Bxc3 23. Rxc3 Ne4 24. Bxe4 Bxe4 25. Bxb6 Ra6 26. Bf2 Ba8 27. Kf1 Re8 28. Ke2
Qb7 29. Rg1 a4 30. g4 axb3 31. Rxb3 Qe4+ 32. Kd1 Kf8 33. gxf5 Qxf5 34. Rg5 Qf7
35. Bb6 Ke7 36. c5 Bd5 37. cxd6+ Kd7 38. Rc3 Bc6 39. Rxc6 Kxc6 40. d7 Rxb6 41.
dxe8=Q+ Qxe8 42. Qc3+ Kb7 43. Rg7+ Ka6 44. Qa3+ Kb5 45. Rg5+ Kc6 46. Qa4+ 1-0

[Event "Portugal Open 2020"]
[Site "Lisboa POR"]
[Date "2020.01.31"]
[Round "8.21"]
[White "González Trigal, Jose Luis"]
[Black "Tscharotschkin, Michael"]
[Result "1/2-1/2"]
[WhiteElo "2369"]
[BlackElo "2156"]
[WhiteFideId "2212420"]
[BlackFideId "4619510"]
[WhiteTitle "IM"]
[WhiteCountry "ESP"]
[BlackCountry "GER"]
[PlyCount "62"]
[EventDate "2020.??.??"]

1. d4 d5 2. c4 e6 3. Nf3 c6 4. e3 f5 5. Bd3 Nf6 6. O-O Bd6 7. b3 Qe7 8. Bb2 O-O
9. Qc1 Bd7 10. Ba3 Be8 11. Bxd6 Qxd6 12. Qa3 Qxa3 13. Nxa3 Ne4 14. Ne5 Nd7 15.
Nxd7 Bxd7 16. f3 Nf6 17. Rfc1 a5 18. c5 b5 19. cxb6 Rfb8 20. Nb1 a4 21. bxa4
Rxa4 22. Nc3 Ra3 23. Rab1 Bc8 24. Kf2 Nd7 25. Ke2 Rxb6 26. Kd2 Ba6 27. Bc2 Kf7
28. Bb3 Rb4 29. Bc2 Rb6 30. Bb3 Rb4 31. Bc2 Rb6 1/2-1/2

[Event "Portugal Open 2020"]
[Site "Lisboa POR"]
[Date "2020.01.31"]
[Round "8.33"]
[White "Fernandes, Alberto"]
[Black "Gahan, M G"]
[Result "0-1"]
[WhiteElo "2092"]
[BlackElo "2245"]
[WhiteFideId "1900277"]
[BlackFideId "5027373"]
[WhiteTitle "NM"]
[BlackTitle "FM"]
[WhiteCountry "POR"]
[BlackCountry "IND"]
[PlyCount "62"]
[EventDate "2020.??.??"]

1. b3 e5 2. Bb2 Nc6 3. e3 Nf6 4. Bb5 Bd6 5. Nc3 a6 6. Bxc6 dxc6 7. e4 O-O 8.
Nge2 Re8 9. O-O Bc5 10. Ng3 Bg4 11. Nce2 Qd7 12. d3 h5 13. h4 Rad8 14. Kh1 Qe7
15. Nf5 Bxf5 16. exf5 Ng4 17. g3 Bxf2 18. f6 Qd7 19. Ng1 Qd5+ 20. Qf3 Bxg3 21.
fxg7 Bxh4 22. Qxd5 cxd5 23. Rf5 Kxg7 24. Rxh5 Rh8 25. Rxh8 Rxh8 26. Kg2 f5 27.
c4 d4 28. Nf3 Bf6 29. Rg1 Kf7 30. Kg3 c5 31. Bc1 Rg8 0-1

[Event "Portugal Open 2020"]
[Site "Lisboa POR"]
[Date "2020.01.31"]
[Round "8.36"]
[White "Kurylski, Leonardo"]
[Black "Pourquet, Matthieu"]
[Result "0-1"]
[WhiteElo "1980"]
[BlackElo "2198"]
[WhiteFideId "1928988"]
[BlackFideId "20654642"]
[WhiteCountry "POR"]
[BlackCountry "FRA"]
[PlyCount "58"]
[EventDate "2020.??.??"]

1. d4 g6 2. e4 Bg7 3. Nc3 d6 4. Be3 a6 5. Qd2 b5 6. h4 h5 7. d5 Nf6 8. f3 Bb7 9.
Nh3 c6 10. dxc6 Nxc6 11. a4 b4 12. Ne2 d5 13. e5 Nxe5 14. Nd4 Qd6 15. Bf4 O-O
16. a5 Rac8 17. Ra4 Qd7 18. Rxb4 Nc4 19. Bxc4 dxc4 20. Nf5 Qxf5 21. Rxb7 Rfd8
22. Qc1 Qxa5+ 23. c3 Nd5 24. g4 hxg4 25. fxg4 Nxc3 26. Kf2 Bd4+ 27. Be3 Ne4+ 28.
Kg1 Ng3 29. Kh2 Qe5 0-1

[Event "Portugal Open 2020"]
[Site "Lisboa POR"]
[Date "2020.01.31"]
[Round "8.43"]
[White "Elias, Benjamim"]
[Black "Silva, Gonçalo"]
[Result "0-1"]
[WhiteElo "1807"]
[BlackElo "2133"]
[WhiteFideId "1903578"]
[BlackFideId "1915100"]
[WhiteCountry "POR"]
[BlackCountry "POR"]
[PlyCount "82"]
[EventDate "2020.01.25"]

1. f4 g6 2. Nf3 Bg7 3. d4 Nf6 4. e3 O-O 5. Bd3 d6 6. O-O Nc6 7. Bb5 Nb8 8. Ba4
c6 9. c4 a6 10. Bb3 d5 11. c5 b6 12. cxb6 Qxb6 13. Nc3 Bf5 14. Na4 Qc7 15. Bd2
a5 16. Bc3 Nbd7 17. Ne5 Nxe5 18. fxe5 Ne4 19. Bc2 Nxc3 20. bxc3 Bxc2 21. Qxc2 f6
22. exf6 Bxf6 23. Nc5 e5 24. Rab1 Bg5 25. Qe2 Rxf1+ 26. Kxf1 Rf8+ 27. Kg1 Qf7
28. g3 Qf5 29. Re1 e4 30. Nb7 a4 31. Nc5 a3 32. c4 h5 33. cxd5 cxd5 34. Na4 h4
35. g4 Qd7 36. Nc5 Qc8 37. Rf1 Bxe3+ 38. Kg2 Rxf1 39. Kxf1 Bxd4 40. Nb3 Be5 41.
h3 Qc3 0-1

[Event "Portugal Open 2020"]
[Site "Lisboa POR"]
[Date "2020.01.31"]
[Round "8.44"]
[White "Türk, Philipp"]
[Black "Sakthivel, Heamish Kanha"]
[Result "1/2-1/2"]
[WhiteElo "2106"]
[BlackElo "1584"]
[WhiteFideId "4628152"]
[BlackFideId "25644890"]
[BlackTitle " "]
[WhiteCountry "GER"]
[BlackCountry "IND"]
[PlyCount "99"]
[EventDate "2020.01.25"]

1. e4 c5 2. d3 d6 3. f4 g6 4. Nf3 Bg7 5. Be2 Nc6 6. c3 e6 7. O-O Nge7 8. Na3 O-O
9. Qe1 f5 10. Qh4 a6 11. Be3 h6 12. e5 Nd5 13. Qf2 dxe5 14. Nxe5 Nxe5 15. fxe5
b6 16. d4 f4 17. Bd2 cxd4 18. Qxd4 Bb7 19. Bg4 Re8 20. Bxf4 Nxf4 21. Qxf4 Qd5
22. Qf7+ Kh7 23. Qf3 Bxe5 24. Rad1 Qxf3 25. Rd7+ Kg8 26. Bxf3 Bxf3 27. Rxf3 Rad8
28. Rxd8 Rxd8 29. Re3 Rd1+ 30. Kf2 Bxh2 31. Rxe6 Rd2+ 32. Re2 Bg1+ 33. Kf3 Rxe2
34. Kxe2 Bc5 35. b4 Be7 36. Nc4 Bd8 37. a4 Kf7 38. Kd3 Ke6 39. Ke4 Be7 40. Ne3
h5 41. c4 Bd6 42. Nd5 g5 43. c5 bxc5 44. bxc5 Bxc5 45. Nc7+ Kd7 46. Nxa6 Bd6 47.
Kf5 g4 48. Kg5 Kc6 49. Kxh5 g3 50. Kg4 1/2-1/2

[Event "Portugal Open 2020"]
[Site "Lisboa POR"]
[Date "2020.01.31"]
[Round "8.45"]
[White "Fanha, Paulo"]
[Black "Chennaoui, Yasin"]
[Result "1/2-1/2"]
[WhiteElo "1766"]
[BlackElo "2093"]
[WhiteFideId "1902148"]
[BlackFideId "1330667"]
[WhiteTitle "CM"]
[WhiteCountry "POR"]
[BlackCountry "SUI"]
[PlyCount "64"]
[EventDate "2020.01.25"]

1. e4 c5 2. d3 Nc6 3. Nf3 g6 4. g3 Bg7 5. Bg2 e6 6. O-O Nge7 7. c3 d5 8. Nbd2 b5
9. Re1 h6 10. exd5 exd5 11. Nb3 b4 12. cxb4 cxb4 13. d4 Bg4 14. h3 Bxf3 15. Qxf3
O-O 16. Be3 Rc8 17. Rac1 Nf5 18. Qxd5 Qxd5 19. Bxd5 Ncxd4 20. Nxd4 Nxd4 21. Rxc8
Rxc8 22. Bxd4 Bxd4 23. Re7 Rf8 24. b3 Kg7 25. Rd7 Bb6 26. Kf1 Kf6 27. Be4 g5 28.
g4 Bc5 29. Rd5 Bb6 30. Rd7 Bc5 31. Rd5 Bb6 32. Rd7 Bc5 1/2-1/2

[Event "Portugal Open 2020"]
[Site "Lisboa POR"]
[Date "2020.01.31"]
[Round "8.46"]
[White "Van Ginkel, Henk"]
[Black "Rodriguez Lopez, Rafael"]
[Result "0-1"]
[WhiteElo "1855"]
[BlackElo "2212"]
[WhiteFideId "1036394"]
[BlackFideId "2204495"]
[BlackTitle "IM"]
[WhiteCountry "NED"]
[BlackCountry "ESP"]
[PlyCount "64"]
[EventDate "2020.01.25"]

1. e4 c5 2. Nc3 Nc6 3. g3 g6 4. Bg2 Bg7 5. d3 d6 6. f4 e6 7. Nf3 Nge7 8. O-O O-O
9. Be3 b6 10. e5 Bb7 11. Ne4 Nd5 12. Bd2 dxe5 13. c4 Nde7 14. fxe5 Nxe5 15. Nxe5
Bxe5 16. Nf6+ Bxf6 17. Bxb7 Bd4+ 18. Kh1 Rb8 19. Bg2 Bxb2 20. Bh6 Bg7 21. Bxg7
Kxg7 22. Qe2 Qd6 23. Rae1 Nf5 24. g4 Nd4 25. Qf2 f5 26. g5 Rh8 27. Re3 h6 28.
Rfe1 hxg5 29. h3 Rbf8 30. Qb2 Rf6 31. Kg1 f4 32. Re5 f3 0-1

[Event "Portugal Open 2020"]
[Site "Lisboa POR"]
[Date "2020.01.31"]
[Round "8.47"]
[White "Krzywda, Andrzej"]
[Black "Porteman, Eric"]
[Result "1-0"]
[WhiteElo "2178"]
[BlackElo "1847"]
[WhiteFideId "1114565"]
[BlackFideId "204099"]
[WhiteTitle "CM"]
[WhiteCountry "POL"]
[BlackCountry "BEL"]
[PlyCount "53"]
[EventDate "2020.01.25"]

1. d4 Nf6 2. c4 c5 3. d5 e6 4. Nc3 exd5 5. cxd5 d6 6. Nf3 g6 7. Nd2 a6 8. a4 Bg7
9. Nc4 O-O 10. Bf4 Ne8 11. Qd2 Qc7 12. Ne4 Nd7 13. Nexd6 Ne5 14. Bxe5 Bxe5 15.
Ne4 Nd6 16. Nexd6 Bxd6 17. g3 Bg4 18. Bg2 Rae8 19. e3 Bf5 20. O-O h5 21. Rfe1
Bd7 22. e4 b5 23. axb5 axb5 24. Nxd6 Qxd6 25. Ra7 c4 26. e5 Qe7 27. d6 1-0

[Event "Portugal Open 2020"]
[Site "Lisboa POR"]
[Date "2020.01.31"]
[Round "8.48"]
[White "Röttgen, Jürgen"]
[Black "Elias, Rúben"]
[Result "1/2-1/2"]
[WhiteElo "2131"]
[BlackElo "1837"]
[WhiteFideId "4629868"]
[BlackFideId "1906453"]
[WhiteCountry "GER"]
[BlackCountry "POR"]
[PlyCount "87"]
[EventDate "2020.01.25"]

1. Nf3 d5 2. c4 dxc4 3. Na3 c5 4. Nxc4 Nf6 5. g3 g6 6. b3 Bg7 7. Bb2 O-O 8. Bg2
Nc6 9. O-O Rb8 10. d3 b5 11. Nce5 Bb7 12. Rc1 Nxe5 13. Bxe5 Rc8 14. Qd2 Qb6 15.
Qb2 Rfd8 16. Bh3 Rc6 17. Rc2 Ne8 18. Bxg7 Nxg7 19. Ne5 Rc7 20. Rfc1 f6 21. Ng4
Bc8 22. Nh6+ Kf8 23. Bxc8 Rdxc8 24. Ng4 Nf5 25. Ne3 Nxe3 26. fxe3 Qe6 27. e4 Qb6
28. Kg2 e5 29. Rf1 Kg7 30. Qc1 Qd6 31. Qe3 Qd4 32. Qf3 Rf8 33. Qf2 Qxf2+ 34.
Kxf2 f5 35. Ke3 fxe4 36. Rxf8 exd3 37. exd3 Kxf8 38. Ke4 Ke7 39. Kxe5 Kd8 40. a3
a6 41. b4 Re7+ 42. Kf4 cxb4 43. axb4 Rd7 44. Ke4 1/2-1/2

[Event "Portugal Open 2020"]
[Site "Lisboa POR"]
[Date "2020.01.31"]
[Round "8.49"]
[White "Pires, Emanuel"]
[Black "Quintino, Luís"]
[Result "0-1"]
[WhiteElo "2112"]
[BlackElo "1839"]
[WhiteFideId "1914715"]
[BlackFideId "1904086"]
[WhiteCountry "POR"]
[BlackCountry "POR"]
[PlyCount "60"]
[EventDate "2020.01.25"]

1. e4 d5 2. e5 c5 3. f4 Nc6 4. Nf3 Bg4 5. Be2 e6 6. O-O c4 7. b3 Bc5+ 8. Kh1 b5
9. a4 a6 10. axb5 axb5 11. Rxa8 Qxa8 12. Nc3 Qb7 13. d3 cxb3 14. cxb3 Bxf3 15.
Bxf3 Nge7 16. Bg4 Bd4 17. Ne2 O-O 18. Nxd4 Nxd4 19. Be3 Ndf5 20. Bf2 d4 21. Bf3
Nd5 22. g4 Nfe3 23. Bxe3 dxe3 24. Qe1 Qb6 25. Be4 Qd4 26. Rf3 Ra8 27. Kg2 Ra2+
28. Kg3 Qb2 29. Qg1 e2 30. Bxd5 e1=Q+ 0-1

[Event "Portugal Open 2020"]
[Site "Lisboa POR"]
[Date "2020.01.31"]
[Round "8.50"]
[White "Pfeiffer, Noah"]
[Black "Ferreira, Hugo"]
[Result "1-0"]
[WhiteElo "1825"]
[BlackElo "2109"]
[WhiteFideId "241881"]
[BlackFideId "1915940"]
[WhiteCountry "BEL"]
[BlackCountry "POR"]
[PlyCount "75"]
[EventDate "2020.01.25"]

1. c4 e5 2. g3 Nf6 3. Bg2 d5 4. d3 c5 5. Nc3 d4 6. Nd5 Nc6 7. Bg5 Be7 8. Bxf6
Bxf6 9. Nxf6+ Qxf6 10. Nf3 g5 11. h4 g4 12. Ng5 h6 13. Ne4 Qe7 14. Qb3 f5 15.
Nd2 Qc7 16. O-O-O a6 17. f3 gxf3 18. exf3 Rg8 19. f4 Rxg3 20. Bxc6+ Qxc6 21.
fxe5 Be6 22. Qa3 b6 23. Rhg1 Rh3 24. Rg7 a5 25. Rdg1 O-O-O 26. R1g6 Re3 27. Qb3
Rxe5 28. Qb5 Qxb5 29. cxb5 Rd7 30. Rxd7 Kxd7 31. Rxh6 Re3 32. Kc2 Rh3 33. Rh7+
Kd6 34. Rb7 f4 35. Rxb6+ Kd5 36. Rb8 Rxh4 37. Rd8+ Ke5 38. Nf3+ 1-0

[Event "Portugal Open 2020"]
[Site "Lisboa POR"]
[Date "2020.01.31"]
[Round "8.51"]
[White "Fernandes, João Pedro"]
[Black "Bártolo, Filipe"]
[Result "1-0"]
[WhiteElo "2099"]
[BlackElo "1819"]
[WhiteFideId "1926624"]
[BlackFideId "1942565"]
[WhiteCountry "POR"]
[BlackCountry "POR"]
[PlyCount "63"]
[EventDate "2020.01.25"]

1. e4 c5 2. Nf3 e6 3. d4 cxd4 4. Nxd4 Nf6 5. Nc3 d6 6. g4 h5 7. gxh5 Rxh5 8. Be3
Nc6 9. Be2 Rh8 10. Qd2 Nxd4 11. Qxd4 e5 12. Qd2 Bd7 13. O-O-O Bc6 14. f4 Nxe4
15. Nxe4 Bxe4 16. Bb5+ Bc6 17. Bxc6+ bxc6 18. fxe5 dxe5 19. Qg2 Qc7 20. Rd3 Bd6
21. Rhd1 O-O-O 22. Qg4+ Kb8 23. Rxd6 Rxd6 24. Qb4+ Kc8 25. Rxd6 Rxh2 26. Qc5 Kb8
27. Rxc6 Qd7 28. b3 f6 29. Rc8+ Kb7 30. Rg8 Rg2 31. Qxa7+ Kc6 32. Qc5+ 1-0

[Event "Portugal Open 2020"]
[Site "Lisboa POR"]
[Date "2020.01.31"]
[Round "8.52"]
[White "Marques, Pedro Godinho"]
[Black "Cordeiro, João"]
[Result "0-1"]
[WhiteElo "1854"]
[BlackElo "2005"]
[WhiteFideId "1928414"]
[BlackFideId "1935291"]
[WhiteCountry "POR"]
[BlackCountry "POR"]
[PlyCount "60"]
[EventDate "2020.01.25"]

1. d4 Nf6 2. Bf4 d5 3. e3 c5 4. c3 e6 5. Nf3 Nc6 6. Ne5 Bd6 7. Qa4 Qc7 8. Na3
Qa5 9. Qxa5 Nxa5 10. Bb5+ Ke7 11. dxc5 Bxc5 12. b4 Bd6 13. Nc2 Bxe5 14. Bxe5 Nc6
15. Bxf6+ gxf6 16. Nd4 Ne5 17. f4 Ng4 18. Ke2 h5 19. h3 Nh6 20. c4 a6 21. Ba4
dxc4 22. b5 e5 23. Nf3 Bd7 24. Rhg1 Bf5 25. Rac1 Bd3+ 26. Kf2 exf4 27. exf4 Nf5
28. Rc3 axb5 29. Bxb5 Nd6 30. Nd4 Ne4+ 0-1

[Event "Portugal Open 2020"]
[Site "Lisboa POR"]
[Date "2020.01.31"]
[Round "8.53"]
[White "Botelho, Luís"]
[Black "Babo, Miguel"]
[Result "1-0"]
[WhiteElo "1987"]
[BlackElo "1796"]
[WhiteFideId "1904981"]
[BlackFideId "1901567"]
[WhiteCountry "POR"]
[BlackCountry "POR"]
[PlyCount "45"]
[EventDate "2020.01.25"]

1. e4 Nc6 2. Nf3 f5 3. exf5 d5 4. Bb5 Bxf5 5. Ne5 Qd6 6. d4 Nf6 7. Nc3 Nd7 8.
O-O e6 9. Nd3 Nxd4 10. Bf4 Qb6 11. Bxd7+ Kxd7 12. Ne5+ Kc8 13. Be3 c5 14. Na4
Qb5 15. c4 dxc4 16. Nc3 Qb6 17. Qa4 Nc6 18. Rfd1 Qb4 19. Rd8+ Kxd8 20. Nxc6+
bxc6 21. Qxc6 Rc8 22. Bg5+ Be7 23. Qd6+ 1-0

[Event "Portugal Open 2020"]
[Site "Lisboa POR"]
[Date "2020.01.31"]
[Round "8.54"]
[White "Ruiz Bellón, Manuel"]
[Black "Curado, Manuel"]
[Result "1-0"]
[WhiteElo "1985"]
[BlackElo "1797"]
[WhiteFideId "32011504"]
[BlackFideId "1905112"]
[WhiteCountry "ESP"]
[BlackCountry "POR"]
[PlyCount "63"]
[EventDate "2020.01.25"]

1. Nf3 Nf6 2. g3 g6 3. Bg2 Bg7 4. c4 O-O 5. d4 d5 6. b3 c6 7. O-O Re8 8. Bb2
Nbd7 9. Nc3 dxc4 10. bxc4 Nb6 11. Qd3 Be6 12. Nd2 Qd7 13. Rfe1 Rad8 14. e3 Bh3
15. a4 a5 16. Nb3 Bxg2 17. Kxg2 e5 18. Ne2 e4 19. Qc2 Qf5 20. Ng1 h5 21. Nc5 Bf8
22. Nxb7 Rd7 23. Nc5 h4 24. Nxd7 Nbxd7 25. Qe2 g5 26. h3 Bb4 27. Rf1 g4 28. hxg4
Nxg4 29. Nh3 Re6 30. Nf4 Rh6 31. Rh1 Bd6 32. Rh3 1-0

[Event "Portugal Open 2020"]
[Site "Lisboa POR"]
[Date "2020.01.31"]
[Round "8.55"]
[White "Fielding, Michael"]
[Black "Moretti, Filippo"]
[Result "1-0"]
[WhiteElo "1781"]
[BlackElo "1969"]
[WhiteFideId "447269"]
[BlackFideId "2805001"]
[WhiteCountry "ENG"]
[BlackCountry "ITA"]
[PlyCount "111"]
[EventDate "2020.01.25"]

1. e4 c5 2. Nc3 Nc6 3. g3 g6 4. Bg2 Bg7 5. d3 e6 6. Be3 d6 7. Qd2 a6 8. Nge2 Bd7
9. O-O Nge7 10. Bh6 O-O 11. Bxg7 Kxg7 12. Nd1 Qb6 13. c3 Rad8 14. Ne3 f5 15.
exf5 Nxf5 16. Nc4 Qc7 17. d4 Nce7 18. Ne3 cxd4 19. Nxd4 Nxd4 20. Qxd4+ e5 21.
Qd2 Bc6 22. Nd5 Nxd5 23. Bxd5 Bxd5 24. Qxd5 Qc6 25. Rad1 Qxd5 26. Rxd5 Kf7 27.
Rfd1 Ke6 28. c4 Rd7 29. Kf1 Rc8 30. b3 Rb8 31. Ke2 b5 32. c5 Rbd8 33. cxd6 Rxd6
34. Rxd6+ Rxd6 35. Rc1 Kf5 36. h4 Ke6 37. Ke3 h6 38. Rc7 Kf6 39. f3 Ke6 40. Rc5
Kf6 41. g4 Ke6 42. Rc7 Rd7 43. Rxd7 Kxd7 44. Ke4 Ke6 45. b4 h5 46. gxh5 gxh5 47.
f4 exf4 48. Kxf4 Kd5 49. Kg5 Kc4 50. Kxh5 Kxb4 51. Kg5 Ka3 52. h5 Kxa2 53. h6 a5
54. h7 a4 55. h8=Q a3 56. Qc3 1-0

[Event "Portugal Open 2020"]
[Site "Lisboa POR"]
[Date "2020.01.31"]
[Round "8.56"]
[White "Pena Barbeito, Rodrigo"]
[Black "Figueiredo, Mário"]
[Result "1-0"]
[WhiteElo "1658"]
[BlackElo "1939"]
[WhiteFideId "22228055"]
[BlackFideId "1902601"]
[WhiteCountry "ESP"]
[BlackCountry "POR"]
[PlyCount "73"]
[EventDate "2020.01.25"]

1. e4 Nf6 2. Bc4 d5 3. exd5 Nxd5 4. Nc3 Nb6 5. Bb3 c5 6. d3 Nc6 7. Nf3 e6 8. Bf4
Bd6 9. Bxd6 Qxd6 10. Ne4 Qe7 11. O-O O-O 12. c3 Bd7 13. Re1 Rad8 14. Qe2 Nd5 15.
d4 cxd4 16. cxd4 Qb4 17. Rad1 Nce7 18. Ne5 Bb5 19. Qf3 Nf5 20. a3 Qe7 21. Nc3
Bc6 22. Nxc6 bxc6 23. Nxd5 cxd5 24. Qxf5 Qb7 25. Qd3 Rb8 26. Bc2 g6 27. b4 Rfc8
28. h4 h5 29. Re3 Qe7 30. g3 Kg7 31. Re5 f5 32. Rde1 Rc6 33. Rxd5 Qc7 34. Rc5
Rxc5 35. dxc5 Rd8 36. Qc3+ Kh7 37. Rxe6 1-0

[Event "Portugal Open 2020"]
[Site "Lisboa POR"]
[Date "2020.01.31"]
[Round "8.57"]
[White "Martins, José Carlos"]
[Black "Candeias, Humberto"]
[Result "1-0"]
[WhiteElo "1667"]
[BlackElo "1921"]
[WhiteFideId "1946005"]
[BlackFideId "1903454"]
[WhiteCountry "POR"]
[BlackCountry "POR"]
[PlyCount "77"]
[EventDate "2020.01.25"]

1. Nf3 g6 2. c4 Bg7 3. Nc3 c5 4. b3 Nf6 5. Bb2 O-O 6. g3 Nc6 7. Bg2 d6 8. O-O
Bg4 9. Ne1 Ne8 10. Nc2 Qd7 11. Ne3 Bh3 12. Ned5 Bxg2 13. Kxg2 e6 14. Nf4 Nf6 15.
e3 d5 16. Nce2 dxc4 17. bxc4 Rad8 18. d4 cxd4 19. exd4 e5 20. dxe5 Qf5 21. Qb1
Qxb1 22. Raxb1 Ne4 23. e6 Bh6 24. Ba3 Rfe8 25. exf7+ Kxf7 26. Rxb7+ Kg8 27. Nd5
Bg7 28. Rc7 Ne5 29. Rb1 Rd7 30. Rxd7 Nxd7 31. Rb7 Ne5 32. Bb2 Nd6 33. Re7 Rxe7
34. Nxe7+ Kf7 35. Nd5 Ndxc4 36. f4 Nd3 37. Bxg7 Kxg7 38. Kf3 Nb4 39. Nxb4 1-0

[Event "Portugal Open 2020"]
[Site "Lisboa POR"]
[Date "2020.01.31"]
[Round "8.59"]
[White "Pipiras, Filipa"]
[Black "Rafael, Manuel"]
[Result "1/2-1/2"]
[WhiteElo "1876"]
[BlackElo "1727"]
[WhiteFideId "1944894"]
[BlackFideId "1921533"]
[WhiteCountry "POR"]
[BlackCountry "POR"]
[PlyCount "147"]
[EventDate "2020.01.25"]

1. d4 d5 2. c4 c6 3. Nf3 Nf6 4. Nc3 dxc4 5. e4 b5 6. Be2 b4 7. Na4 Bg4 8. Bxc4
e6 9. e5 Nd5 10. O-O Be7 11. Qb3 Nd7 12. Bd2 a5 13. Rfc1 N7b6 14. Be2 Rc8 15. a3
O-O 16. Ba6 Rc7 17. Nxb6 Nxb6 18. axb4 a4 19. Qd3 Bxf3 20. gxf3 Qd7 21. Bc3 Ra8
22. Bc4 Nd5 23. Bxd5 cxd5 24. Bd2 Rb7 25. Qa3 Rba7 26. Rc2 g6 27. Rac1 Qb7 28.
Qc3 Qb6 29. Bh6 Rd8 30. Bd2 Rb7 31. Qe3 Bxb4 32. Bxb4 Qxb4 33. Rc8 Rb8 34. Rxd8+
Rxd8 35. Rc2 Rb8 36. Kg2 Qb3 37. Qd2 Qb6 38. h4 h5 39. Kg3 Qa6 40. Qc1 Qd3 41.
Rc3 Qxd4 42. f4 Qb4 43. Rc2 Qb3+ 44. Kg2 Qd3 45. Rc3 Qe4+ 46. Kg3 Kg7 47. f3 Qb4
48. Rc2 d4 49. Qd1 Rd8 50. Rd2 Qb3 51. Qxb3 axb3 52. Rd3 f6 53. Kf2 Rd5 54. Rxb3
fxe5 55. fxe5 Rxe5 56. Rd3 Rb5 57. Rxd4 Rxb2+ 58. Kg3 Rb5 59. Rc4 Kf6 60. Rf4+
Rf5 61. Re4 Ke7 62. Rd4 e5 63. Ra4 Rf6 64. Ra7+ Ke6 65. Ra6+ Kf5 66. Ra5 Re6 67.
f4 Kf6 68. fxe5+ Rxe5 69. Ra3 Re4 70. Ra6+ Kf5 71. Ra5+ Re5 72. Ra3 Rd5 73. Rf3+
Ke5 74. Re3+ 1/2-1/2

[Event "Portugal Open 2020"]
[Site "Lisboa POR"]
[Date "2020.01.31"]
[Round "8.60"]
[White "Twardowski, Hubert"]
[Black "Miranda, Raúl"]
[Result "1-0"]
[WhiteElo "1875"]
[BlackElo "1662"]
[WhiteFideId "1190415"]
[BlackFideId "1960660"]
[WhiteCountry "POL"]
[BlackCountry "POR"]
[PlyCount "69"]
[EventDate "2020.01.25"]

1. e4 e5 2. Nf3 Nc6 3. Bc4 Nf6 4. d3 d6 5. a4 Be7 6. O-O O-O 7. Re1 Bg4 8. h3
Bd7 9. Nbd2 Qc8 10. Nf1 Be6 11. Bxe6 Qxe6 12. c4 a5 13. Ng3 Rfc8 14. Qb3 b6 15.
Bd2 Nd4 16. Nxd4 exd4 17. f4 Nd7 18. Rf1 Nc5 19. Qc2 Bf6 20. Rf3 Nd7 21. Kh2 g6
22. Raf1 Rf8 23. Qd1 Bg7 24. f5 Qe7 25. Kh1 Rae8 26. Ne2 g5 27. f6 Bxf6 28. Rxf6
Nxf6 29. Bxg5 Qd7 30. Bxf6 h6 31. Ng3 Kh7 32. Qh5 Rg8 33. Bxd4 Rg6 34. Nf5 Reg8
35. Nxh6 1-0

[Event "Portugal Open 2020"]
[Site "Lisboa POR"]
[Date "2020.01.31"]
[Round "8.62"]
[White "Gonçalves, Samuel"]
[Black "Lopes, João Pedro"]
[Result "0-1"]
[WhiteElo "1758"]
[BlackElo "2030"]
[WhiteFideId "1945130"]
[BlackFideId "1902210"]
[WhiteCountry "POR"]
[BlackCountry "POR"]
[PlyCount "80"]
[EventDate "2020.01.25"]

1. e4 c5 2. Nf3 Nc6 3. Bb5 a6 4. Bxc6 dxc6 5. b3 Nf6 6. d3 Bg4 7. Nbd2 g6 8. Bb2
Bg7 9. h3 Bxf3 10. Qxf3 O-O 11. g4 Nxe4 12. Bxg7 Nxd2 13. Kxd2 Kxg7 14. Rae1
Qa5+ 15. Kc1 Qxa2 16. Rxe7 c4 17. Qe4 cxd3 18. cxd3 Qxb3 19. h4 Qc3+ 20. Kd1
Rad8 21. Ke2 Qc2+ 22. Ke3 Qc5+ 23. Ke2 Qxe7 24. Qxe7 Rfe8 25. Qe3 a5 26. Ra1 b6
27. d4 Kf6 28. Rb1 b5 29. Rc1 Rxe3+ 30. fxe3 Rd6 31. Rc5 Ke6 32. Kd3 a4 33. e4
Kd7 34. d5 f5 35. Ke3 b4 36. Ra5 a3 37. Kd4 fxe4 38. Ra7+ Ke8 39. Kxe4 cxd5+ 40.
Ke5 Rb6 0-1

[Event "Portugal Open 2020"]
[Site "Lisboa POR"]
[Date "2020.01.31"]
[Round "8.63"]
[White "Monteiro, José"]
[Black "Montero Montero, Juan José"]
[Result "1-0"]
[WhiteElo "1881"]
[BlackElo "1744"]
[WhiteFideId "1908057"]
[BlackFideId "22202080"]
[BlackTitle " "]
[WhiteCountry "POR"]
[BlackCountry "ESP"]
[PlyCount "39"]
[EventDate "2020.01.25"]

1. e4 Nf6 2. e5 Nd5 3. Bc4 c6 4. Qf3 e6 5. Bb3 d6 6. c4 Nc7 7. d4 dxe5 8. dxe5
Qd4 9. Qe3 Bc5 10. Qxd4 Bxd4 11. Nf3 c5 12. Nxd4 cxd4 13. Nd2 O-O 14. Nf3 Nc6
15. Ba4 Rd8 16. Bg5 Rd7 17. O-O-O d3 18. Rd2 Nxe5 19. Nxe5 Rd4 20. Rxd3 1-0

[Event "Portugal Open 2020"]
[Site "Lisboa POR"]
[Date "2020.01.31"]
[Round "8.64"]
[White "Santos, Júlio"]
[Black "Batista, Sandro"]
[Result "1-0"]
[WhiteElo "1880"]
[BlackElo "1741"]
[WhiteFideId "1900650"]
[BlackFideId "1908561"]
[WhiteTitle "NM"]
[WhiteCountry "POR"]
[BlackCountry "POR"]
[PlyCount "87"]
[EventDate "2020.01.25"]

1. e4 c5 2. Nf3 d6 3. d4 cxd4 4. Nxd4 Nf6 5. Nc3 a6 6. Bd3 e6 7. O-O Be7 8. a3
Qc7 9. Nde2 O-O 10. f4 Nbd7 11. Ng3 b5 12. Be3 Nc5 13. Be2 Bb7 14. Bf3 Rfd8 15.
Qd2 Rac8 16. Qf2 Nfd7 17. Rae1 Nb6 18. b3 Ncd7 19. Nb1 Nc5 20. Rd1 Na8 21. Nd2
Nd7 22. c4 bxc4 23. Nxc4 d5 24. exd5 exd5 25. Bxd5 Bxd5 26. Rxd5 Nf6 27. Rxd8+
Rxd8 28. Nf5 Bf8 29. Qf3 Qd7 30. Ng3 Nc7 31. Bb6 Rb8 32. Rd1 Qc8 33. Kf1 Be7 34.
a4 Ne6 35. a5 Nc5 36. Ne5 Qb7 37. Nc6 Re8 38. Nf5 Kf8 39. Nfxe7 Rxe7 40. Bxc5
Qb5+ 41. Qd3 Qxc5 42. Nxe7 Qxe7 43. Qxa6 g6 44. Qd6 1-0